| 000 | 00913nam a22002657a 4500 | ||
|---|---|---|---|
| 999 |
_c928 _d928 |
||
| 003 | AR-CdUCM | ||
| 008 | 190225b ||||| |||| 00| 0 spa d | ||
| 020 | _a9700000044 | ||
| 020 | _a8420431222 | ||
| 040 |
_aMUNICIPALIDAD PROVINCIAL DEL CUSCO _cBIBLIOTECA MUNICIPAL DEL CUSCO |
||
| 041 | _hmex | ||
| 082 |
_a839.36 / _bB71 |
||
| 100 |
_aBojunga Nunes, Lygia _93578 |
||
| 245 |
_aLa Cuerda Floja / _cBojunga Nunes, Lygia ; Lopes Moura, Mirian ( traductor ) |
||
| 260 |
_aMexico : _bCalypso, _c1987. |
||
| 300 |
_a134 paginas ; _c25cm. |
||
| 505 | _aLa llegada -- Ventanas -- Conversación por teléfono -- Quico soñaba mucho -- El paseo -- Clase particular... | ||
| 650 |
_aNovela Brasileña _93579 |
||
| 650 |
_aSiglo XX _98 |
||
| 650 |
_aArtistas de circo en la literatura _93580 |
||
| 650 |
_aHistoria _9136 |
||
| 700 |
_aLopes Moura, Mirian _93581 |
||
| 942 |
_2ddc _cLIBROS |
||
| 945 |
_apjha _d2019-02-25 |
||